The Agriculture Act 1920. Memorandum February 1921. (Record no. 99858)

MARC details
000 -LEADER
fixed length control field 00395cam a22001575a 4500
001 - CONTROL NUMBER
control field J100823
008 - FIXED-LENGTH DATA ELEMENTS--GENERAL INFORMATION
fixed length control field 000000s1921 xxk 000 0 eng u
035 ## - SYSTEM CONTROL NUMBER
System control number (Sirsi) u100823
110 ## - MAIN ENTRY--CORPORATE NAME
Corporate name or jurisdiction name as entry element Surveyors' Institution
9 (RLIN) 3783
245 04 - TITLE STATEMENT
Title The Agriculture Act 1920. Memorandum February 1921.
260 ## - PUBLICATION, DISTRIBUTION, ETC.
Date of publication, distribution, etc. 1921
300 ## - PHYSICAL DESCRIPTION
Extent 107p.
651 #4 - SUBJECT ADDED ENTRY--GEOGRAPHIC NAME
Geographic name United Kingdom
Chronological subdivision
690 ## - LOCAL SUBJECT ADDED ENTRY--TOPICAL TERM (OCLC, RLIN)
Topical term or geographic name as entry element Rural
9 (RLIN) 6268
942 ## - ADDED ENTRY ELEMENTS (KOHA)
Suppress in OPAC 0
Holdings
Withdrawn status Lost status Source of classification or shelving scheme Damaged status Not for loan Home library Current library Shelving location Date acquired Total Checkouts Full call number Barcode Date last seen Copy number Price effective from Koha item type
    Dewey Decimal Classification     Historic collection Historic collection RICS Boxes 26/10/1999   RICS 1921 30059668 06/08/2019 1 06/08/2019 Archive